Geography Quiz

Random Geography or City Quiz

North American Cities 7-to-1 Quiz Stats

 Plays Quiz Updated Jan 8, 2019

Support Sporcle.
Go Orange.
Score 0/28 Timer 06:00
2 Plays Today
% Correct
New York
98.7%
Los Angeles
98.4%
Chicago
98.2%
Houston
96.8%
Philadelphia
96.4%
Toronto
96.4%
Mexico City
95.7%
Vancouver
95.7%
Montreal
95.4%
Ottawa
94.9%
Phoenix
94.4%
Calgary
92.2%
Edmonton
90.2%
San Antonio
90.2%
% Correct
Guadalajara
88.6%
Havana
88.3%
San Salvador
85.9%
Kingston
85.5%
Juárez
84.6%
Montpelier
80.8%
Pierre
79.9%
Nuuk
78.5%
Bridgetown
72.8%
Puebla
71.7%
Tegucigalpa
71.6%
Managua
71.2%
Ecatepec
59.5%
Belmopan
52.7%

From the Vault

Division I or II Athletics

by anonymous987

Sports 7m
It's actually just a ranking system.
Remove Ads.
Support Sporcle.
Get the best of Sporcle when you Go Orange. This ad-free experience offers more features, more stats, and more fun while also helping to support Sporcle. Thank you for becoming a member.

Show Comments

Extras

Top Quizzes Today


Score Distribution

Your Account Isn't Verified!

In order to create a playlist on Sporcle, you need to verify the email address you used during registration. Go to your Sporcle Settings to finish the process.

Report this User

Report this user for behavior that violates our Community Guidelines.

Details: